000 00870cam a2200217 4500
001 WB3846-14
008 021209n2002 000 0 eng u
035 _a(Sirsi) u120709
245 _aBridging the gap
260 _c2002
490 _aRICS Press Release
_v4 December 2002, (2)
520 _aA joint initiative from RICS and the ODPM aims to give property developers easy access to online information on the role of Gap funding from the state. 'Bridging the Gap' website is now live and will make the regeneration of England's more deprived areas easier. The website takes developers on a step-by-step guide through the regeneration process.
590 _aWB
650 _aPROPERTY DEVELOPERS
650 _aGAP FUNDING
650 _aEUROPEAN UNION
650 _aRICS
690 _aREGENERATION
856 _ahttp://www.bridgingthegap.uk.com
942 _n0
999 _c71727
_d71727